| 000 | 01240cam a22003734a 4500 | ||
|---|---|---|---|
| 001 | 15655357 | ||
| 003 | EG-ScBUE | ||
| 005 | 20220704101729.0 | ||
| 006 | m||||fq||h 00| 0 | ||
| 008 | 090311t2009 maua f 000 0 eng d | ||
| 020 | _a9781424006373 (student bk. + CDROM) | ||
| 020 | _a1424006376 (student bk. + CDROM) | ||
| 040 |
_aDLC _beng _erda _cDLC _dEG-ScBUE |
||
| 082 | 0 | 4 |
_222 _a428.43 _bDOU |
| 100 | 1 |
_aDouglas, Nancy, _eauthor. _935961 |
|
| 245 | 1 | 0 |
_aReading explorer 1 / _cNancy Douglas. |
| 264 | 1 |
_aBoston, Massachusetts : _bHeinle, Cengage Learning, _c[2009] |
|
| 264 | 4 | _cc2009 | |
| 300 |
_a160 pages : _bcolor illustrations ; _c28 cm + _e1 CD |
||
| 336 |
_2rdacontent _atext _btxt |
||
| 336 |
_2rdacontent _asounds _bsnd |
||
| 337 |
_2rdamedia _aunmediated _bn |
||
| 337 |
_2rdamedia _aaudio _bs |
||
| 338 |
_2rdacarrier _avolume _bnc |
||
| 338 |
_2rdacarrier _acomputer disc _bcd |
||
| 500 | _aAt head of cover : National Geographic. | ||
| 650 | 7 |
_aReading comprehension. _913995 _2BUEsh |
|
| 650 | 7 |
_aDiscoveries in geography. _935962 _2BUEsh |
|
| 651 | _2BUEsh | ||
| 653 |
_cMay2014 _bHHUUEENN |
||
| 655 |
_vReading book _934232 |
||
| 710 | 2 |
_914131 _aNational Geographic Society (U.S.) |
|
| 942 |
_2ddc _k428.43 DOU _cBB |
||
| 999 |
_c18248 _d18220 |
||